| 000 | 00840nam a22002297a 4500 | ||
|---|---|---|---|
| 001 | 47044 | ||
| 003 | BD-RjUL | ||
| 005 | 20211209054242.0 | ||
| 008 | 160806s2007 bg ||||| |||| 00| 0 ben d | ||
| 020 |
_a9844126126 _c: TK 300.00 |
||
| 035 | _a(BD-RjUL)47163 | ||
| 040 |
_aBD-RjUL _bben _cBD-RjUL |
||
| 041 | _aben | ||
| 082 |
_223 _a320.95492 _bHAB 2007 |
||
| 100 |
_aহক, আবুল ফজল _9118217 |
||
| 245 | 1 | 0 |
_aবাংলাদেশের রাজনীতি : সংস্কৃতির স্বরূপ / _c আবুল ফজল হক |
| 260 |
_aঢাকা : _bঅনন্যা, _c২০০৭ |
||
| 300 |
_axv, ৩৫২ পৃ. ; _c২১ সেমি. |
||
| 650 |
_aরাজনীতি _zবাংলাদেশ _9120022 |
||
| 650 |
_aPolitics _zBangladesh _9120023 |
||
| 942 |
_2ddc _cBK _01 |
||
| 999 |
_c47044 _d47044 |
||